|
|
แสดงรายละเอียดบรรณานุกรม |
|
|
Brief Record
: Get Marc (ISO 2709)
: E-mail record
: |
|
|
| LEADER 00000nam 2200000uu 4500 | |||
| 001 209581 | |||
| 003 ULIBM | |||
| 008 140404s2556||||th 000 0 tha d | |||
| 020 ^a9786169070191 | |||
| 040 ^abcnkk | |||
| 041 0 ^atha | |||
| 050 4 ^aPE1131^bท461ส 2556 | |||
| 100 0 ^aทิพย์ธิดา บุตรฉุย | |||
| 245 10 ^aสนทนาภาษาอังกฤษในชีวิตประจำวัน :^bฉบับสมบูรณ์ = Daily English conversation /^cทิพย์ธิดา บุตรฉุย | |||
| 246 31 ^aDaily English conversation | |||
| 250 ^aพิมพ์ครั้งที่ 9 | |||
| 260 ^aกรุงเทพฯ :^bพราว,^c2556 | |||
| 300 ^a351 หน้า :^bภาพประกอบ ;^c22 ซม. +^eซีดี-รอม 1 แผ่น | |||
| 650 4 ^aภาษาอังกฤษ^xบทสนทนาและวลี^xการ์ตูน | |||
| 650 4 ^aภาษาอังกฤษ^xการใช้ภาษา^xการ์ตูน | |||
| 650 4 ^aภาษาอังกฤษ^xตำราสำหรับชนต่างชาติ^xการ์ตูน | |||
| 999 ^aใช้งานได้ทุกระบบ | |||
| คุณยังไม่ได้ล็อกอิน คุณสามารถมีกิจกรรมร่วมกับเว็บไซต์ได้ แต่ต้องล็อกอินก่อน :: |
|
| สถานะ | |||||||||
| 1. | หนังสือทั่วไป สถานะ=หนังสือเก่า - บริการ ณ ห้องสมุด (ห้องเหลือง) | PE1131 ท461ส 2556 | On Shelf ขอยืม | ||||||
| Note:ปีงบประมาณ2557 | |||||||||
| 2. | หนังสือทั่วไป | PE1131 ท461ส 2556 ฉ.2 | On Shelf ขอยืม | ||||||
| Note:ปีงบประมาณ2557 | |||||||||
| 3. | หนังสือทั่วไป สถานะ=หนังสือเก่า - บริการ ณ ห้องสมุด (ห้องเหลือง) | PE1131 ท461ส 2556 ฉ.3 | On Shelf ขอยืม | ||||||
| Note:ปีงบประมาณ2557 | |||||||||
| [แสดง 3/3 รายการ] | |||||||||
| รายการใกล้เคียง ผู้แต่ง [ทิพย์ธิดา บุตรฉุย] หัวเรื่อง [ภาษาอังกฤษ บทสนทนาและวลี การ์ตูน] หัวเรื่อง [ภาษาอังกฤษ การใช้ภาษา การ์ตูน] |
BibComment |
| คอมเมนท์ทรัพยากรรายการนี้ |
|
|